Normal view
MARC view
- Jawed Iqbal
Entry Personal Name
001 - CONTROL NUMBER
- control field: 48307
003 - CONTROL NUMBER IDENTIFIER
- control field: NUST
005 - DATE AND TIME OF LATEST TRANSACTION
- control field: 20210314134027.0
008 - FIXED-LENGTH DATA ELEMENTS
- fixed length control field: 210314|| aca||aabn | a|a d
040 ## - CATALOGING SOURCE
- Original cataloging agency: NUST
- Transcribing agency: NUST
100 ## - HEADING--PERSONAL NAME
- Personal name: Jawed Iqbal
670 ## - SOURCE DATA FOUND
- Source citation: Work cat.: (NUST): Muhammad Javed. 48306, Reinforcing sub-grade of G.T.road Kamra using Jute fibers optimall, 18 Jul 2014.
